| 000 | 00770nas a2200265 4500 | ||
|---|---|---|---|
| 001 | BR8108023 | ||
| 003 | BR-BrBNA | ||
| 005 | 20231205084932.0 | ||
| 007 | ta | ||
| 008 | 230509b bl.|||p| |||| 00| 00por d | ||
| 040 |
_aBR-BrBNA _bpor _cBiblioteca Nacional de Agricultura |
||
| 041 | _a(Pt) | ||
| 072 | _aQ10 | ||
| 100 | 1 | _aGordo, W.P. | |
| 245 | 1 | _aSecagem e armazenamento de graos em clima tropical. Padroes tecnicos recomendados | |
| 650 | _aARMAZENAMENTO | ||
| 650 | _aSECAGEM | ||
| 650 | _aCLIMA TROPICAL | ||
| 650 | _aGRAO | ||
| 650 | _aSECADOR | ||
| 650 | _aZONA TROPICAL | ||
| 773 | 0 |
_tRevista de Mecanizacao Rural (Brazil) _xISSN 0101-8817 _g(1981), v. 1(3) p. 28-36 _wBR8108023 |
|
| 909 |
_a202311 _bLúcia _c55 _dLúcia Elande |
||
| 942 |
_2AGRIS _n0 _cANA |
||
| 999 |
_c108211 _d108211 |
||